|
|
|
|
| LEADER |
00000nam a2200000 a 4500 |
| 001 |
vtls001396394 |
| 003 |
SK-MaSNL |
| 005 |
20260301201835.0 |
| 008 |
251124s1999 DE a r 0 eng |
| 020 |
|
|
|a 393364108X
|c [200,00]
|
| 035 |
|
|
|a SNK000350769
|
| 040 |
|
|
|a SNK
|b slo
|c SNK
|e AACR2
|
| 044 |
|
|
|a DE
|
| 080 |
|
|
|a 027.54(430)
|2 1981
|
| 110 |
0 |
|
|a Deutsche Bibliothek
|b Deutsche Bücherei, Deutsche Bibliothek, Deutsches Musikarchiv Frankfurt nad Mohanom, Nemecko
|4 aut
|9 468859
|
| 245 |
1 |
|
|a House of books ; Digital archives
|c [texts and editing: Kathrin Ansorge, Susann Solber ; translation: John S. Southard]
|
| 250 |
|
|
|a 2nd rev. ed.
|
| 260 |
|
|
|a Frankfurt am Main
|b Deutsche Bibliothek
|c c1999
|
| 300 |
|
|
|a 48 s.
|c 25 cm
|
| 650 |
0 |
7 |
|a knižnice
|2 SNKPH
|9 17965
|
| 651 |
|
7 |
|a Lipsko (Nemecko)
|2 SNKPHgeo
|9 31182
|
| 651 |
|
7 |
|a Frankfurt nad Mohanom (Nemecko)
|2 SNKPHgeo
|9 28650
|
| 651 |
|
7 |
|a Berlín (Nemecko)
|2 SNKPHgeo
|9 16174
|
| 700 |
1 |
|
|a Ansorge, Kathrin
|4 aut
|4 upr
|9 582995
|
| 700 |
1 |
|
|a Solberg, Susann
|4 aut
|4 upr
|9 582996
|
| 700 |
1 |
|
|a Southard, John S.
|4 trl
|9 582997
|
| 919 |
|
|
|a 3-933641-08-X
|
| 999 |
|
|
|c 896497
|d 898427
|
| 952 |
|
|
|t P60, <04>, [BOOK], {604}
|a SNK
|b SNK
|y VYP
|7 0
|p 17A0249579
|o snkIC 128819
|i snkV 1501/2000
|0 0
|1 0
|4 0
|d 2000-09-22
|l 0
|r 2005-01-02 00:00:00
|w 2026-02-24
|
| 952 |
|
|
|t P60, <04>, [BOOK], {604}
|a SNK
|b SNK
|y VYP
|7 0
|p 17A0298554
|o snkOIC 6753
|i snkV 650/2001
|0 0
|1 0
|4 0
|d 2001-05-02
|l 0
|r 2005-01-02 00:00:00
|w 2026-02-24
|